| 000 | 01017pam a2200313 a 4500 | ||
|---|---|---|---|
| 999 |
_c8786 _d8786 |
||
| 001 | 8786 | ||
| 003 | BD-JhCC | ||
| 005 | 20180529135857.0 | ||
| 008 | 870908m19889999gw a b 001 0 eng | ||
| 020 | _a0387184252 (U.S. : pbk. : v. 1) | ||
| 035 | _a(BD-JhCC)8786 | ||
| 040 |
_aDLC _cDLC _dDLC _dBD-JhCC |
||
| 041 | _aeng | ||
| 050 | 0 | 0 |
_aQC753.2 _b.M37 1988 |
| 082 | 0 | 0 |
_a538 _219 _bMAT 1988 |
| 100 | 1 |
_aMattis, Daniel Charles, _d1932- |
|
| 245 | 1 | 4 |
_aThe theory of magnetism : _ban introduction to the study of cooperative phenomena / _cDaniel C. Mattis. |
| 250 | _aCorr. 2nd print. | ||
| 260 |
_aBerlin ; _aNew York : _bSpringer-Verlag, _c1988- , c1981- |
||
| 300 |
_av. <1 > : _bill. ; _c23 cm. |
||
| 490 | 1 |
_aSpringer series in solid-state sciences ; _v17- |
|
| 500 | _aIncludes index. | ||
| 504 | _aBibliography: v. 1, p. [285]-295. | ||
| 505 | 1 | _a1. Statics and dynamics | |
| 650 | 0 | _aMagnetism. | |
| 830 | 0 |
_aSpringer series in solid-state sciences ; _v17, etc. |
|
| 942 |
_2ddc _cBK |
||